Selección argentina de fútbol en el Mundial de 2022 - Estadísticas

Estadísticas generales
  • Esta prueba ha sido intentada 88 veces
  • La puntuación promedio es 22 de 27
Estadísticas de respuestas
Hint Respuesta % Correcto
10 Lionel Messi
100%
23 Emiliano Martínez
97%
9 Julián Álvarez
96%
11 Ángel Di María
94%
22 Lautaro Martínez
94%
24 Enzo Fernández
93%
DT Lionel Scaloni
93%
7 Rodrigo de Paul
91%
1 Franco Armani
90%
19 Nicolás Otamendi
90%
13 Cristian Romero
87%
26 Nahuel Molina
87%
4 Gonzalo Montiel
85%
5 Leandro Paredes
85%
8 Marcos Acuña
85%
20 Alexis Mac Allister
81%
3 Nicolás Tagliafico
78%
12 Gerónimo Rulli
76%
21 Paulo Dybala
76%
25 Lisandro Martínez
75%
2 Juan Foyth
72%
6 Germán Pezzella
70%
17 Alejandro Gómez
64%
18 Guido Rodríguez
58%
15 Ángel Correa
57%
16 Thiago Almada
57%
14 Exequiel Palacios
48%
No se encontraron pruebas coincidentes
Distribución de puntuación
Porcentaje de gente con cada puntuación
Porcentaje por número respondido
Historial de tus puntuaciones
No has intentado esta prueba.